| 000 | 01495cam a22003015a 4500 | ||
|---|---|---|---|
| 001 | L159936 | ||
| 008 | 180409s2016 xxk f 000 0 eng d | ||
| 020 | _a9780500518250 | ||
| 035 | _a(Sirsi) u159936 | ||
| 041 | 0 | _aeng | |
| 050 | 0 | 4 | _aF526.09 |
| 100 | 1 | _aWard, Laurence | |
| 245 | 0 | 0 |
_aLondon County Council _bBomb damage maps 1939-1945 |
| 260 |
_aLondon _bThames&Hudson _c2016 |
||
| 300 | _a288p ; 37 cm | ||
| 520 | _aA collection of maps originally published in 1916 updated in 1940 were used by the LCC's Architect's Department to record cumulative damage to buildings caused by air raids and V-weapons. Includes a brief history on the bombing of London, describes the role of architects and district surveyors in helping out with civil defence and search and rescue and excerpts from reports of local damage from members of staff. Lists incidents from August 1940 to March 1945 including damage to both public buildings in central London and properties in residenital areas. Statistics record civilian casualities and war damage to buildings. Photographs illustrate damage. Original maps are held by London Metropolitan Archives (LMA) | ||
| 590 | _aNTK | ||
| 650 | 2 | 4 | _aMAPS |
| 650 | 2 | 4 | _aLONDON COUNTY COUNCIL |
| 650 | 2 | 4 | _aBOMB DAMAGE |
| 650 | 2 | 4 | _aSECOND WORLD WAR |
| 651 | 4 | _aLondon | |
| 690 | _aConservation and restoration | ||
| 690 |
_aHydrography _96245 |
||
| 690 |
_aResidential property _96266 |
||
| 690 |
_aBuilding surveying _96225 |
||
| 942 |
_n0 _2ddc |
||
| 999 |
_c116160 _d116160 |
||